Issues in financial accounting / (Record no. 51404)

MARC details
000 -LEADER
fixed length control field 01140pam a2200301 a 4500
001 - CONTROL NUMBER
control field vtls003113390
003 - CONTROL NUMBER IDENTIFIER
control field MY-SjTCS
005 - DATE AND TIME OF LATEST TRANSACTION
control field 20200306164903.0
008 - FIXED-LENGTH DATA ELEMENTS--GENERAL INFORMATION
fixed length control field 110218s2008 xna 001 0 eng d
020 ## - INTERNATIONAL STANDARD BOOK NUMBER
International Standard Book Number 9780733983979 (pbk.)
020 ## - INTERNATIONAL STANDARD BOOK NUMBER
International Standard Book Number 0733983979 (pbk.)
039 #9 - LEVEL OF BIBLIOGRAPHIC CONTROL AND CODING DETAIL [OBSOLETE]
Level of rules in bibliographic description 201411051458
Level of effort used to assign nonsubject heading access points shuhada
Level of effort used to assign subject headings 201102181440
Level of effort used to assign classification VLOAD
Level of effort used to assign subject headings 200902191256
Level of effort used to assign classification mas
Level of effort used to assign subject headings 200902111652
Level of effort used to assign classification shahriman
-- 200806171044
-- shahriman
082 04 - DEWEY DECIMAL CLASSIFICATION NUMBER
Classification number 657.480994
Item number HEN
100 1# - MAIN ENTRY--PERSONAL NAME
Personal name Henderson, Scott,
Dates associated with a name 1936-
9 (RLIN) 6708
245 10 - TITLE STATEMENT
Title Issues in financial accounting /
Statement of responsibility, etc. Scott Henderson, Graham Peirson, Kathy Herbohn.
250 ## - EDITION STATEMENT
Edition statement 13th ed.
260 ## - PUBLICATION, DISTRIBUTION, ETC.
Place of publication, distribution, etc. Frenchs Forest, N.S.W. :
Name of publisher, distributor, etc. Pearson Education Australia,
Date of publication, distribution, etc. c2008 [i.e. 2007]
300 ## - PHYSICAL DESCRIPTION
Extent viii, 1088 p. ;
Dimensions 26 cm.
500 ## - GENERAL NOTE
General note Previous ed.: 2006.
500 ## - GENERAL NOTE
General note Includes index.
590 ## - LOCAL NOTE (RLIN)
Local note Australian Degree Programmed (UniSA): ACCT1006
650 #0 - SUBJECT ADDED ENTRY--TOPICAL TERM
Topical term or geographic name entry element Accounting
Geographic subdivision Australia
Form subdivision Textbooks.
9 (RLIN) 256027
650 #0 - SUBJECT ADDED ENTRY--TOPICAL TERM
Topical term or geographic name entry element Financial statements
Geographic subdivision Australia
Form subdivision Textbooks.
9 (RLIN) 256028
700 1# - ADDED ENTRY--PERSONAL NAME
Personal name Peirson, Graham,
Dates associated with a name 1938-
9 (RLIN) 8800
700 1# - ADDED ENTRY--PERSONAL NAME
Personal name Herbohn, Kathy,
Dates associated with a name 1969-
9 (RLIN) 256029
920 ## - Programme
Programme GRL : 182624, 183618
921 ## - Programme
Programme AUDP (UNISA) : 240701
Holdings
Withdrawn status Lost status Source of classification or shelving scheme Damaged status Not for loan Home library Current library Date acquired Cost, normal purchase price Total Checkouts Barcode Date last seen Date last checked out Copy number Uniform Resource Identifier Cost, replacement price Koha item type Public note Collection code
Withdrawn   Dewey Decimal Classification     Taylor's Library-TU TU External Storage-LCS 17/06/2008 236.84   1000518873 05/12/2019 01/02/2010 1   236.84 Main Collection GENLS,GENLS,03,GR Please fill up online form at https://taylorslibrary.taylors.edu.my/services/external_storage1
    Dewey Decimal Classification     Taylor's Library-TU Taylor's Library-TU 11/02/2009 285.60 18 5000007308 05/12/2019 15/10/2012 1 Floor 4, Shelf 22 , Side 2, TierNo 5, BayNo 8 285.60 Main Collection GENLS,GENLS,03,GR  
Withdrawn   Dewey Decimal Classification     Taylor's Library-TU Taylor's Library-TU 05/07/2008 336.00   1000518603 01/06/2021 01/02/2010 1   336.00 Main Collection UNISA, 240701